000 00546nam a2200181Ia 4500
008 220531s9999 xx 000 0 und d
041 _amar
100 _aगुंजाळ बा.
_963648
245 _aअहिराणी म्‍हणी : अनुभवाच्‍या खाणी भाग २
250 _a1ST
260 _aShrirampur
_bShabdalay
_c2014
300 _a159
542 _d31-01-2015
551 _aMarathi
_bGrantabal-MRA
650 _aMarathi
_963649
906 _d2014-2015
_f6528
999 _c36138
_d36138